<?xml version="1.0" encoding="UTF-8"?>
<collection xmlns="http://www.loc.gov/MARC21/slim">
 <record>
  <leader>00842nam a22002175a 4500</leader>
  <controlfield tag="001">EAD.ead004301</controlfield>
  <controlfield tag="008">041125s1995####ag#######b####000#0#spa#d</controlfield>
  <controlfield tag="005">20181218154841.0</controlfield>
  <datafield tag="245" ind1="1" ind2="0">
   <subfield code="a">Bibliotecas universitarias argentinas :</subfield>
   <subfield code="b">sus capacidades operativas e institucionales /</subfield>
   <subfield code="c">Luis Herrera.</subfield>
  </datafield>
  <datafield tag="250" ind1=" " ind2=" ">
   <subfield code="a">1a. ed.</subfield>
  </datafield>
  <datafield tag="260" ind1=" " ind2=" ">
   <subfield code="a">Buenos Aires :</subfield>
   <subfield code="b">Ministerio de Cultura y Educación, Secretaría de Políticas Universitarias,</subfield>
   <subfield code="c">1995.</subfield>
  </datafield>
  <datafield tag="300" ind1=" " ind2=" ">
   <subfield code="a">ii, 109 p. ;</subfield>
   <subfield code="c">22 cm.</subfield>
  </datafield>
  <datafield tag="490" ind1="1" ind2=" ">
   <subfield code="a">Serie Estudios y propuestas</subfield>
  </datafield>
  <datafield tag="504" ind1=" " ind2=" ">
   <subfield code="a">Incluye referencias bibliográficas.</subfield>
  </datafield>
  <datafield tag="100" ind1="1" ind2=" ">
   <subfield code="a">Herrera, Luis,</subfield>
   <subfield code="d">1950-</subfield>
  </datafield>
  <datafield tag="830" ind1=" " ind2="0">
   <subfield code="a">Serie Estudios y propuestas.</subfield>
  </datafield>
  <datafield tag="082" ind1="0" ind2="4">
   <subfield code="a">027.7</subfield>
   <subfield code="2">21</subfield>
  </datafield>
  <datafield tag="650" ind1=" " ind2="7">
   <subfield code="a">Bibliotecología.</subfield>
   <subfield code="2">unbist</subfield>
  </datafield>
  <datafield tag="650" ind1=" " ind2="7">
   <subfield code="a">Bibliotecas universitarias.</subfield>
   <subfield code="2">unbist</subfield>
  </datafield>
  <datafield tag="651" ind1=" " ind2="7">
   <subfield code="a">Argentina.</subfield>
   <subfield code="2">unbist</subfield>
  </datafield>
  <datafield tag="859" ind1=" " ind2=" ">
   <subfield code="a">AR-BaBDC</subfield>
   <subfield code="b">BIB. ADMINISTRACION - Libros</subfield>
   <subfield code="h">027.7</subfield>
   <subfield code="i">H434</subfield>
   <subfield code="p">b06801</subfield>
  </datafield>
 </record>
</collection>
